000 00395cam a2200145ua 4500
041 _aeng
_h
082 _a028.7663
_bBAN/AG
100 _aBansal, P.C .
245 _aAgricultural statistical compendium, Vol.I /
_cP.C Bansal.
_hTextual Documents
260 _aNew Delhi :
_bTechno economic research institute ,
_c1990.
300 _a581 ; .
504 _a
942 _cBK
999 _c8789
_d8789